000
00267nam a2200109Ia 4500
008
220204s9999 xx 000 0 und d
082
_a
338.433
_b
RHO
100
_a
Rhodes, V James
245
0
_a
Agricultural marketing system
260
_a
Ohio
_b
Grid
_c
1978
942
_c
BK
999
_c
34721
_d
34721